| 000 | 00703nam a2200205Ia 4500 | ||
|---|---|---|---|
| 001 | L262-19465 | ||
| 003 | IT-CnALBA | ||
| 008 | 170116s9999||||xx |||||||||||||| ||und|| | ||
| 040 |
_aIT-CnALBA _cIT-CnALBA |
||
| 041 | _aITALIANO | ||
| 100 | _aPIO XII, PAPA PACELLI EUGENIO. | ||
| 245 | 0 | _aLA PACE FREDDA. MESSAGGIO AI FEDELI E AI POPOLI DEL MONDO. NATALE 1954. | |
| 250 | _a1a ed. | ||
| 260 |
_aCINISELLO BALSAMO (MI) _bEDIZIONI PAOLINE _c1955 [1° Ed.:1955 - Ed.Ling.Originale: 1955] |
||
| 300 | _a19 p. | ||
| 501 | _aSocietà San Paolo EM - Piazza San Paolo, 14 - 12051 ALBA (CN) (non commercial uses only) ® Copyright 2017 | ||
| 650 | _aECCLESIOLOGIA | ||
| 942 | _cBK | ||
| 957 | _71 | ||
| 999 |
_a24204 _bNO _g Copie: 1 _c278586 _d278586 |
||